Catálogo
 En Linea

Obras escogidas : (Registro nro. 36251)

Detalles MARC
000 -CABECERA
campo de control de longitud fija 00540nam a2200169 a 4500
001 - NÚMERO DE CONTROL
campo de control 000036760
005 - FECHA Y HORA DE LA ÚLTIMA TRANSACCIÓN
campo de control 20240301185227.0
008 - DATOS DE LONGITUD FIJA--INFORMACIÓN GENERAL
campo de control de longitud fija 111020q1968 mx 000 0 spa d
040 ## - FUENTE DE LA CATALOGACIÓN
Centro catalogador/agencia de origen DO-SdBNP
Lengua de catalogación spa
Centro/agencia transcriptor BNPHU
082 ## - NÚMERO DE LA CLASIFICACIÓN DECIMAL DEWEY
Número de clasificación xxxx
Número de documento/Ítem M392o
100 1# - ENTRADA PRINCIPAL--NOMBRE DE PERSONA
Nombre de persona Marx, Karl,
Fechas asociadas al nombre 1818-1883
9 (RLIN) 30439
245 10 - MENCIÓN DE TÍTULO
Título Obras escogidas :
Resto del título en tres tomos /
Mención de responsabilidad, etc. Carlos Marx, F. Engels.
260 ## - PUBLICACIÓN, DISTRIBUCIÓN, ETC.
Lugar de publicación, distribución, etc. México :
Nombre del editor, distribuidor, etc. Ediciones Quinto Sol,
Fecha de publicación, distribución, etc. 1968.
300 ## - DESCRIPCIÓN FÍSICA
Extensión 3 v. ;
Dimensiones 17 cm.
504 ## - NOTA DE BIBLIOGRAFÍA, ETC.
Nota de bibliografía, etc. Incluye notas al pie de las páginas.
700 12 - PUNTO DE ACCESO ADICIONAL--NOMBRE DE PERSONA
Nombre de persona Engels, Friedrich,
Fechas asociadas al nombre 1820-1895
9 (RLIN) 60306
Existencias
Estado de retiro Estado de pérdida Restricciones de uso No para préstamo Código de colección Localización permanente Ubicación/localización actual Ubicación en estantería Fecha de adquisición Número de inventario Total de préstamos Signatura topográfica completa Código de barras Fecha visto por última vez Precio válido a partir de Tipo de ítem Koha
        Monografías: Libros y Folletos General General En catalogación 31.01.2012 LF1   v.1 36760-10 25.06.2020 25.06.2020 Préstamo en sala
        Monografías: Libros y Folletos General General En catalogación 31.01.2012 LF1   v.2 36760-20 25.06.2020 25.06.2020 Préstamo en sala
        Monografías: Libros y Folletos General General En catalogación 31.01.2012 LF1   v.3 36760-30 25.06.2020 25.06.2020 Préstamo en sala

Con tecnología Koha